000 00822nam a2200229Ia 4500
003 GCL
008 140319s9999 xx 000 0 ara d
020 _a9361200977
040 _aGCL /
_cGCL
082 0 4 _a378
_bس ق
100 1 _aسعيد طه محمود
245 1 0 _aقضايا فى التعليم العالى والجامعى /
_cسعيد طه محمود
260 _aالقاهرة :
_bمكتبة النهضة المصرية ،
_c2003
300 _a443 ص ؛
_c24 سم
650 0 4 _aالتعليم الجامعى
650 0 4 _aالتعليم - اغراضه واهدافه
650 0 4 _aالتعليم - طرق معالجة
650 0 4 _aالتعليم العالى - مصر
650 0 4 _aالتعليم العالى - تمويل
650 0 4 _aالتعليم العالى - تطوير
942 _2ddc
_cBK
999 _c6304
_d6304